wady i zalety TIG - Statystyki

Ogólne statystyki
  • Ten quiz został rozwiązany 5 razy
  • Średni wynik to 5 z 11
Statystyki odpowiedzi
Hint Odpowiedź % Poprawnych
zalety brak rozprysków
100%
zalety wysoka jakość złącza spawania
100%
zalety dobra widoczność jeziorka spawalniczego
50%
wady mała wydajność procesu
50%
zalety możliwość łączenia prawie wszystkich metali i ich stopów
50%
zalety możliwość spawania bez materiału dodatkowego lub z jego udziałem
50%
wady umiejętności manualne spawacza
50%
wady konieczność dokładnego przygotowania elementu do spawania
0%
zalety łatwość ustawiania i kontroli parametrów spawania
0%
wady mniejsza efektywność i ekonomia przy spawaniu elementów powyżej 10mm
0%
zalety możliwość sterowania ilością prowadzonego ciepła oraz materiału dodatkowego
0%
Nie znaleziono quizów pasujących do podanych kryteriów
Rozkład punktacji
Procent ludzi z każdym wynikiem
Percentyl według liczby udzielonych odpowiedzi
Twoja historia wyników
Nie rozwiązałeś tego quizu